00500nam a2200157Ia 4500008004100000020001800041041000800059082001600067100002000083245002000103250000600123260004900129300000900178999001900187952013600206210716s2011 xx 000 0 und d a9788183713429 aeng a004.69 PRIS aPriya, S Padma. aWeb technology. a1 aChennaibScitech Publications Pvt Ltd.c2011 a8.25 c191485d191485 001040708MCAaAIMITbAIMITeHigginbothams Pvt Ltdg595.00l0o004.69 PRISpMCA10993r2025-07-21 00:00:00v446.25w2021-07-16yBK